The Film factory : Russian and Soviet cinema in documents /

Bibliographic Details
Other Authors: Taylor, Richard, 1946-, Christie, Ian, 1945-
Format: Book
Language:English
Published: Cambridge, Mass. : Harvard University Press, 1988.
Series:Harvard film studies.
Subjects:

MARC

Tag First Indicator Second Indicator Subfields
LEADER 00000cam a2200000 a 4500
001 in00000019851
005 20151007053736.0
008 870722s1988 maua b 00100 eng
010 |a  87021102  
020 |a 0674301250 
035 |a (OCoLC)16405445 
035 |9 AAB2677AM 
040 |a DLC  |c DLC  |d TXA  |d UtOrBLW 
043 |a e-ur--- 
049 |a TXAM  |c [A11109018] 
050 0 0 |a PN1993.5.R9  |b F47 1988 
082 0 |a 791.43/0947  |2 19 
245 0 4 |a The Film factory :  |b Russian and Soviet cinema in documents /  |c edited and translated by Richard Taylor ; co-edited with an introduction by Ian Christie. 
264 1 |a Cambridge, Mass. :  |b Harvard University Press,  |c 1988. 
300 |a xxii, 457 pages :  |b illustrations ;  |c 25 cm. 
336 |a text  |b txt  |2 rdacontent 
337 |a unmediated  |b n  |2 rdamedia 
338 |a volume  |b nc  |2 rdacarrier 
490 1 |a Harvard film studies 
504 |a Bibliography: pages 407-422. 
500 |a Includes index. 
650 0 |a Motion pictures  |z Soviet Union  |x History  |x Sources. 
700 1 |a Taylor, Richard,  |d 1946- 
700 1 |a Christie, Ian,  |d 1945- 
830 0 |a Harvard film studies. 
999 |a MARS 
999 f f |s 788dce93-fa59-326f-a69e-f1c64f95cc45  |i 0e4e3ced-8b19-370a-afe2-32f4e9ebd07e  |t 0 
952 f f |p normal  |a Texas A&M University  |b College Station  |c Sterling C. Evans Library  |d Evans: Library Stacks  |t 0  |e PN1993.5.R9 F47 1988  |h Library of Congress classification  |i unmediated -- volume  |m A14811109018 
998 f f |a PN1993.5.R9 F47 1988  |t 0  |l Evans: Library Stacks